[Event "Gashimov Memorial 3rd"]
[Site "Shamkir"]
[Date "2016.06.04"]
[Round "9"]
[White "Harikrishna, Pentala"]
[Black "Safarli, Eltaj"]
[Result "0-1"]
[WhiteElo "2763"]
[BlackElo "2664"]
[Annotator "Krasenkow,M"]
[PlyCount "124"]
[EventDate "2016.05.26"]
[EventType "tourn"]
[EventRounds "9"]
[EventCountry "AZE"]
[EventCategory "20"]
[SourceTitle "CBM 173"]
[Source "ChessBase"]
[SourceDate "2016.07.12"]
[SourceVersion "1"]
[SourceVersionDate "2016.07.12"]
[SourceQuality "1"]

1. d4 Nf6 2. c4 e6 3. Nf3 b6 4. g3 Ba6 5. Nbd2 Bb4 6. Qa4 (6. Qc2 {is the main
line.}) 6... c5 7. dxc5 Bxc5 8. Bg2 Bb7 9. b4 Be7 10. Bb2 O-O 11. O-O Nc6 $146
{This new continuation can be enough for equality. Black completes his
development, and his position is quite solid. Practice has seen:} (11... d6 12.
Rfd1 Nbd7 13. Rac1 (13. Nd4 $5) 13... a5 14. b5 Nc5 15. Qc2 Qc7 16. Nd4 Bxg2
17. Kxg2 Nfd7 18. N2b3 Qb7+ 19. f3 Rfc8 20. Nc6 Bf8 21. Nbd4 $14 {0-1 (60)
Koneru,H (2607)-Dzagnidze,N (2557) Beijing 2013}) (11... a5 12. b5 d6 13. Nd4
Bxg2 14. Kxg2 Nfd7 15. Qc2 Nc5 16. e4 a4 17. Rac1 Bf6 18. N2f3 Qc7 19. Ba3 Rc8
20. Rfe1 g6 21. Qe2 Bg7 22. Qe3 Ra7 23. h4 $14 {1-0 (77) Gulko,B (2585)
-Ibragimov,I (2637) New York 2006}) (11... Qc7 {is the most flexible:} 12. Rac1
(12. a3 d6 (12... Ne4 13. Rfd1 Nxd2 14. Rxd2 d6 {1-0 (47) Indjic,A (2539)
-Sadler,M (2653) Tromso 2014 CBM 162 [Marjanovic,S]} 15. c5 bxc5 16. bxc5 dxc5
17. Rad1 $36) 13. Rac1 a6 14. Rfe1 Nbd7 15. e4 Rfe8 16. Qb3 Rac8 17. Nd4 Bf8
18. h3 g6 19. N4f3 Bg7 20. e5 dxe5 21. Nxe5 Red8 22. Bxb7 Qxb7 23. Ndf3 h6 24.
Red1 Nxe5 25. Bxe5 Qe4 $11 {1/2 (34) Dambacher,M (2417)-Lutz,C (2567) Germany
2010}) 12... d6 (12... Rc8 13. Rfd1 a6 14. Qb3 d6 15. a3 Nbd7 16. Qd3 Ra7 17.
Nb3 Ba8 $11 (17... Be4 $6 18. Qe3 Qb8 19. Bh3 $1 h6 20. Nfd4 Kf8 $6 21. f3 Bg6
22. Nd2 $1 Rac7 23. f4 Re8 24. Qf3 $14 {1-0 (36) Gulko Boris F (2560)-Granda
Zuniga Julio E (2615) Aruba 1992 [Gulko,B]})) 13. Rfd1 Nbd7 14. a3 (14. Nd4
Bxg2 15. Kxg2 Rfc8 16. Nf1 Qb7+ 17. Kg1 a6 18. Ne3 Ne5 19. Qb3 b5 $11 {1/2 (30)
Piket,J (2540)-Sax,G (2580) Tilburg 1989}) 14... Rac8 15. Qb3 Qb8 16. Nd4 Bxg2
17. Kxg2 Qb7+ 18. f3 Rfe8 19. Nb5 a6 20. Nc3 b5 $11 {1/2 (55) Koneru,H (2613)
-Zhao,X (2538) Lopota 2014}) 12. a3 (12. b5 Na5 13. Nb3 Nxb3 14. axb3 Ne4 $11)
12... a6 $6 {But this is a bit too slow.} (12... Qc7 $5 {A funny possible line:
} 13. Qc2 h6 14. Ne4 Nxe4 15. Qxe4 d6 16. Qg4 Ne5 $5 17. Nxe5 f5 $1 18. Qg6 (
18. Qd4 Bxg2 19. Nd7 e5) 18... Rf6 19. Qh5 Bxg2 20. Ng4 $1 Bxf1 21. Nxf6+ Bxf6
22. Bxf6 Qf7 $1 23. Qf3 Rc8 24. Bb2 Bh3 $11) 13. Qc2 h6 14. Rad1 Qc7 15. Ne4
Nxe4 16. Qxe4 f5 {After this compromising move White gets a clear edge 
(although, of course, it is far from decisive).} ({However,} 16... d6 {is
hardly better due to} 17. Qg4 $5 {forcing} e5) 17. Qe3 Rad8 18. Rd2 Bf6 19.
Bxf6 Rxf6 20. c5 bxc5 21. Qxc5 d6 22. Qc4 Qb6 23. Rc1 d5 24. Qc5 Qxc5 25. Rxc5
$16 {White's queenside pawn advantage is the key factor in this position.} g5
26. e3 f4 {A logical attempt at counterplay.} 27. Nd4 $1 fxe3 28. fxe3 Ne5 (
28... Nxd4 29. exd4 Rd7 $16) 29. Rc7 Ba8 $6 (29... Bc8 {is more stubborn.}) 30.
Re7 $6 {[%mdl 32]} ({A number of commentators indicated} 30. Rf2 $1 {,
exchanging Black's only active piece and key defender, which would have
practically ended the game.}) 30... Rc8 31. Rd1 (31. Rf2 $1 Rc1+ 32. Rf1 {
was still quite strong.}) 31... Ng4 32. Bh3 $4 {[%mdl 8192]} ({Even here White
could have kept a clear advantage by means of} 32. Rf1 $1 Rxf1+ 33. Bxf1 {
. However, the Indian grandmaster completely misses this key positional idea
and commits a terrible blunder instead.}) 32... Nf2 {White loses a piece and
must look for salvation. Shocked, he doesn't put up any resistance.} 33. Bxe6+
Rxe6 34. Rxe6 Nxd1 35. Nf5 $2 {Another oversight.} (35. Rxh6 $142 {[%cal Yh6a6]
, and White should reach a draw.}) 35... Rc1 $1 36. Re8+ (36. Kg2 Nxe3+ 37.
Nxe3 d4+ $19) 36... Kh7 37. Kg2 (37. Rxa8 Nxe3+ $19) 37... Bc6 38. Re7+ Kg6 39.
Nd4 Bb5 {Black has consolidated his position and easily converts his extra
piece.} 40. h4 Bd3 41. Re6+ Kf7 42. Kf3 Be4+ 43. Ke2 Nc3+ 44. Kd2 Rd1+ 45. Kxc3
Rxd4 46. Rxa6 Rd3+ 47. Kb2 Rxe3 48. b5 Ke7 49. Rxh6 d4 {[%csl Gd4]} 50. b6 Re2+
51. Kb3 d3 52. b7 d2 53. Rd6 Bxb7 54. Rd4 g4 55. Kc3 Rg2 56. h5 Rxg3+ 57. Kxd2
Rg1 58. h6 g3 59. Rh4 g2 60. h7 Rd1+ 61. Kc3 g1=Q 62. h8=Q Qc5+ 0-1

[Event "RUS-CHN Summit Men 4th"]
[Site "Nizhnij Novgorod"]
[Date "2007.08.20"]
[Round "1"]
[White "Ni, Hua"]
[Black "Tomashevsky, Evgeny"]
[Result "1-0"]
[WhiteElo "2681"]
[BlackElo "2654"]
[Annotator "Krasenkow,M"]
[PlyCount "69"]
[EventDate "2007.08.20"]
[EventType "schev"]
[EventRounds "10"]
[EventCountry "RUS"]
[SourceTitle "CBM 120"]
[Source "ChessBase"]
[SourceDate "2007.10.02"]
[SourceVersion "1"]
[SourceVersionDate "2007.10.02"]
[SourceQuality "1"]

1. d4 Nf6 2. c4 e6 3. Nf3 b6 4. g3 Ba6 5. Qc2 Bb4+ {Quite a rare continuation
instead of the normal} (5... c5) 6. Bd2 Be7 7. e4 d5 8. cxd5 (8. Nc3 $6 Bxc4 9.
Bxc4 dxc4 10. O-O-O c6 11. Bf4 Na6 12. a3 b5 13. Ne5 Qc8 14. Bg5 O-O 15. h4 Rb8
16. Qe2 Qb7 17. h5 h6 18. Bf4 c5 19. d5 b4 $17 {0-1 Nisipeanu,L-Eljanov,P/
Foros UKR 2007/The Week in Chess 659 (37)}) (8. e5 Ne4 9. Bd3 (9. cxd5 $6 Bxf1
10. Qxe4 exd5 11. Qg4 Bg2 12. Rg1 Bxf3 13. Qxf3 Nc6 14. Bc3 O-O 15. Nd2 f6 16.
Qg4 f5 17. Qe2 Qd7 18. f4 Nd8 19. Nf3 Ne6 $17 {0-1 Guadalpi,D-Carlsson,P/
Tarragona ESP 2007/The Week in Chess 668 (31)}) 9... O-O 10. O-O (10. Bxe4 dxe4
11. Qxe4 Bxc4 $1 12. Qxa8 Bd5) 10... c5 11. Bxe4 dxe4 12. Qxe4 Qd7 $1 13. d5 (
13. Qxa8 Nc6 $1) 13... exd5 14. cxd5 f5 $1 15. exf6 Bxf6 16. Re1 Qf7 $6 (16...
Bxb2 $17) 17. Nc3 Nd7 18. Qe6 Rae8 19. Qxf7+ Kxf7 $44 {0-1 Vuilleumier,
A-Oleksienko,M/Dresden GER 2007/The Week in Chess 648 (38)}) 8... Bxf1 9. Kxf1
exd5 10. e5 Ne4 11. Nc3 Nxc3 12. bxc3 (12. Bxc3 Qd7 13. Kg2 Nc6 14. h4 Nd8 {
A typical plan in this position.} 15. Nh2 O-O 16. f4 f5 17. exf6 gxf6 18. Rhe1
Nf7 19. Qe2 Rae8 20. Qh5 Bd8 $4 (20... Kh8 $13) 21. Bb4 $1 Be7 22. Qg4+ $1 Qxg4
23. Nxg4 $18 {1-0 Williams,S-Jenni,F/Feugen AUT 2006 (27)}) 12... Qd7 (12...
O-O 13. h4 f6 $2 14. e6 c5 15. h5 Nc6 16. Qf5 $16 {1-0 Wasl,E-Ewald,A/
Neutraubling 1999/EXT 2005 (40)}) (12... c5 13. Kg2 Nc6 14. h4 $5 Qd7 15. Rae1
Qe6 16. Ng5 Bxg5 17. hxg5 cxd4 18. f4 $6 g6 $6 (18... dxc3 19. f5 Nd4 20. Qa4+
Qd7 21. Qxd4 cxd2) 19. cxd4 Rc8 20. Qd3 Ne7 21. Rc1 O-O 22. Bb4 Rxc1 23. Rxc1
Rc8 24. Rxc8+ Nxc8 25. Qe2 Qc6 26. g4 $36 {1-0 Smerdon,D-Oleksienko,M/
Pardubice CZE 2007/The Week in Chess 664 (49)}) 13. Kg2 Nc6 14. c4 Nd8 (14...
Rd8 15. Rhd1 O-O 16. Rac1 dxc4 17. Qxc4 Nxd4 18. Be3 c5 19. Bxd4 cxd4 20. Rxd4
Qe8 21. Rcd1 Rxd4 22. Qxd4 Bc5 23. Qe4 h6 24. Nh4 Qe6 25. Rd2 Re8 26. f4 f6 27.
Rd5 Qc6 28. Nf3 f5 29. Qd3 $14 {1-0 Vescovi,G-Fier,A/Sao Paulo BRA 2007/The
Week in Chess 659 (76)}) 15. e6 $5 {[%mdl 512] An interesting (and quite
common) pawn sacrifice in order to make use of Black's uncastled king.} fxe6 (
15... Nxe6 16. Ne5 Qd6 17. Qa4+ Kf8 (17... c6 18. Bb4 $1) 18. Nd7+ Kg8 19. c5
$1 bxc5 20. dxc5 Nxc5 21. Nxc5 Qxc5 22. Rac1 $44 {[%csl Rh8]}) 16. Ne5 Qc8 $2 (
16... Qd6 $1 {was correct, e.g.} 17. Qa4+ (17. Bf4 dxc4) 17... c6 18. c5 bxc5
19. Bf4 O-O $13) 17. Qa4+ b5 ({If now} 17... c6 {then} 18. cxd5 exd5 19. Bb4 $1
{[%csl Re8] and the black king is in trouble.}) ({Or} 17... Kf8 18. Rhe1 $40)
18. cxb5 O-O {[%csl Rc7,Ge5,Re6] Black has managed to castle but the material
is now equal and White's positional advantage is huge.} 19. Rhc1 Qb7 20. Qa6 $5
(20. Rab1 $16 {was possible, too.}) 20... Bd6 21. Ba5 Rc8 22. Nd3 Rf7 23. Rc3
Kf8 24. Rac1 Qxa6 25. bxa6 {As usual, this pawn is a candidate queen (and the
black a7 pawn is another potential weakness).} Ke8 26. f4 Rd7 27. Kf3 Nf7 28.
Ne5 {winning material} Bxe5 29. dxe5 Nd8 30. Bxc7 d4 31. Rc5 Kf7 32. Bd6 Rxc5
33. Rxc5 Kg6 34. Ke4 Nf7 35. Rc6 {[%cal Ye4d4,Yc6c7]} 1-0

[Event "Corus"]
[Site "Wijk aan Zee"]
[Date "2010.01.18"]
[Round "3"]
[White "Leko, Peter"]
[Black "Karjakin, Sergey"]
[Result "1/2-1/2"]
[WhiteElo "2739"]
[BlackElo "2720"]
[Annotator "Krasenkow,M"]
[PlyCount "71"]
[EventDate "2010.01.16"]
[EventType "tourn"]
[EventRounds "13"]
[EventCountry "NED"]
[EventCategory "19"]
[SourceTitle "CBM 135"]
[Source "ChessBase"]
[SourceDate "2010.03.17"]
[SourceVersion "1"]
[SourceVersionDate "2010.03.17"]
[SourceQuality "1"]

1. d4 Nf6 2. c4 e6 3. Nf3 b6 4. g3 Ba6 5. Qc2 Bb7 6. Bg2 c5 7. d5 exd5 8. cxd5
Nxd5 9. O-O Be7 10. Rd1 Nc6 11. Qa4 Nf6 12. Nh4 O-O $146 {[%mdl 8] The
simplest attempt to solve problems. It is amazing that this natural move is a
novelty!} (12... Qc8 {- see CBM 131, annotations to Leko - Bacrot, and CBM 133,
annotations to Nyback - Bacrot.}) (12... g6 13. Bh6 $36 {is also dangerous for
Black.}) 13. Nf5 d5 $5 14. Nc3 Nd4 $1 15. Nxd4 cxd4 16. Qxd4 (16. Rxd4 Bc5 17.
Rd3 $5 Qe8 $1 (17... Qc8 $6 18. b4)) 16... Bc5 17. Qa4 Qc8 {[%mdl 512]} (17...
Qe8 $5 {was quite possible here, too, but Black decides to sacrifice a pawn
for a development advantage and initiative.}) 18. Nxd5 (18. Bf4 d4 $132) 18...
Nxd5 19. Bxd5 Bxd5 20. Rxd5 Qe6 21. e4 $2 {Losing the pawn back and drawing.} (
21. Qd1 $142 Rfe8 22. e3 {, and Black has yet to prove his compensation.})
21... Rfe8 22. Bf4 Qxe4 23. Qxe4 Rxe4 24. Rad1 Rae8 25. Kf1 f6 26. h4 Kf7 27.
a3 a5 28. Bd6 Bxd6 29. Rxd6 R8e6 30. Rd7+ Re7 31. R1d6 Rxd7 32. Rxd7+ Re7 33.
Rd8 Re5 34. Rd7+ Re7 35. Rd6 Re6 36. Rd7+ 1/2-1/2

[Event "Morelia/Linares 25th"]
[Site "Morelia/Linares"]
[Date "2008.02.29"]
[Round "9"]
[White "Aronian, Levon"]
[Black "Anand, Viswanathan"]
[Result "1/2-1/2"]
[WhiteElo "2739"]
[BlackElo "2799"]
[Annotator "Krasenkow,M"]
[PlyCount "51"]
[EventDate "2008.02.15"]
[EventType "tourn"]
[EventRounds "14"]
[EventCountry "ESP"]
[EventCategory "21"]
[SourceTitle "CBM 123"]
[Source "ChessBase"]
[SourceDate "2008.04.02"]
[SourceVersion "1"]
[SourceVersionDate "2008.04.02"]
[SourceQuality "1"]

1. d4 Nf6 2. c4 e6 3. Nf3 b6 4. g3 Ba6 5. Qc2 Bb7 6. Bg2 c5 7. d5 exd5 8. cxd5
Nxd5 9. O-O Be7 10. Qe4 Bc6 $146 {This attempt at improvement leads to a quiet
position, in which White gets the bishop pair as a compensation for Black's
extra pawn.} (10... Na6 {- see Radjabov - Leko in this issue.}) 11. Ne5 Nf6 12.
Nxc6 Nxc6 13. Qa4 O-O 14. Rd1 Nd4 15. Nc3 {It was too risky to take the
exchange:} (15. Bxa8 Qxa8 16. Nc3 b5 $1 17. Qa6 (17. Nxb5 Nxe2+ 18. Kf1 Nxc1
19. Raxc1 Qh1+ 20. Ke2 Qxh2 $17) 17... Rb8 18. Rxd4 Rb6 19. Qa5 cxd4 20. Nxb5
Qe4 $17) 15... b5 $5 16. Qa6 b4 (16... Rb8 $5 17. Bf4 Qb6 (17... Rb6 18. Qxa7 {
[%cal Rf4c7]}) 18. Qxb6 Rxb6 19. Bc7 b4 20. Bxb6 bxc3 21. bxc3 Nxe2+ 22. Kf1
Nxc3 23. Rd3 axb6 24. Rxc3 $11 {_|_}) 17. Nd5 Nxd5 18. Bxd5 Rb8 19. Bf4 Qb6 20.
Qc4 $44 d6 21. e3 Nb5 {[%csl Rf4]} 22. g4 Nc7 23. Be4 g6 24. Rd2 Rbd8 25. Qe2
$6 (25. Rad1 $44 {was more accurate.}) 25... d5 $1 {Giving back a pawn but
lifting the blockade.} 26. Bxc7 ({After} 26. Bxc7 Qxc7 27. Rxd5 (27. Bxd5 c4)
27... c4 {it is Black who can play for a win but he was satisfied with a draw.}
) 1/2-1/2

[Event "Olympiad-39"]
[Site "Khanty-Mansiysk"]
[Date "2010.09.23"]
[Round "3.1"]
[White "Navara, David"]
[Black "Leko, Peter"]
[Result "1-0"]
[WhiteElo "2722"]
[BlackElo "2724"]
[Annotator "Krasenkow,M"]
[PlyCount "105"]
[EventDate "2010.09.21"]
[EventType "team-swiss"]
[EventRounds "11"]
[EventCountry "RUS"]
[SourceTitle "CBM 139"]
[Source "ChessBase"]
[SourceDate "2010.11.18"]
[SourceVersion "1"]
[SourceVersionDate "2010.11.18"]
[SourceQuality "1"]
[WhiteTeam "Czech Republic"]
[BlackTeam "Hungary"]
[WhiteTeamCountry "CZE"]
[BlackTeamCountry "HUN"]

1. d4 Nf6 2. Nf3 e6 3. c4 b6 4. g3 Ba6 5. Qa4 Bb7 6. Bg2 c5 7. dxc5 bxc5 8. O-O
Be7 9. Nc3 O-O 10. Rd1 Qb6 11. Bf4 Rd8 12. Rd2 d6 13. Rad1 {This system was
examined in CBM 125, annotations to Mamedyarov - Kramnik and Gustafsson - Leko.
} h6 {Alternatives:} (13... Ne8) (13... a6) 14. Qb5 {[%mdl 32] Black's queen
is an important defender of his d6 pawn; therefore, White gladly exchanges it.
'Dautov: 'This offer to exchange forces Black into 14...Ne8.'' 'Dautov: 'Durch
dieses Abtauschangebot wird Schwarz zu 14...Ne8 gezwungen.''} (14. Qb3 Ne8 15.
e4 {1/2 Saric,A (2505)-Tomashevsky,E (2658)/Plovdiv 2008/CBM 124 (50)} g5 $5
16. Be3 Nc6) 14... Ne8 15. e4 {'Dautov: 'The principled move, the threat is
e4-e5.'' 'Dautov: 'Prinzipiell gespielt, es droht e4-e5.''} (15. Qxb6 axb6 16.
b3 g5 $1 17. Be3 Nc7 18. h4 f6 19. hxg5 hxg5 20. Nh4 Bxg2 21. Nxg2 Nc6 22. f4
d5 23. cxd5 exd5 24. Nxd5 Rxd5 25. Rxd5 Nxd5 26. Rxd5 Rxa2 $11 {1/2 Socko,M 
(2481)-Chiburdanidze,M (2510)/Ekaterinburg 2007/CBM 118 ext (37)}) 15... g5 (
15... Nd7 $6 {This is a new move. Dieser Zug ist neu.} 16. e5 Qxb5 17. Nxb5 d5
18. cxd5 Bxd5 {Black equalises with this accurate move. Thanks to his
d5-outpost, at least he has no problems. Mit diesem genauen Zug gleicht
Schwarz aus. Dank seinem Vorposten auf d5 hat er zumindest keine Probleme.} 19.
Ne1 $1 $14 {E.Gleizerov} (19. Nc3 Nc7 20. Nxd5 Nxd5 $11 21. Nh4 $6 Bxh4 22.
gxh4 N7b6 $15 {1-0 Dautov,R (2631)-Stefansson,H (2570)/Ohrid 2001/CBM 084/
[Dautov] (36)})) 16. Be3 Nd7 (16... Nc6 $6 17. e5 $1 dxe5 (17... Na5 $1 18. b3
Qxb5 19. Nxb5 d5 20. cxd5 exd5 21. Rc2 $14 {E.Gleizerov}) 18. Rxd8 Rxd8 19.
Rxd8 Bxd8 20. Bxc5 Qc7 21. Nxe5 a6 22. Qa4 Qxe5 23. Bxc6 $16 {1/2 Seres,L 
(2420)-Orgovan,S (2340)/Hungary 1999/EXT 2000 (32)}) 17. h4 g4 18. Ne1 Qxb5 (
18... Kg7 $5 19. Bf4 Bc6 20. Qxb6 axb6 21. Nc2 Ne5 22. Ne3 Nf3+ 23. Bxf3 gxf3
24. h5 Bf6 25. Ng4 Bxc3 26. bxc3 Bxe4 27. Bxh6+ Kh7 $13 {0-1 Wang Yue (2732)
-Bacrot,E (2716)/Nanjing CHN 2010/The Week in Chess 833 (43)}) (18... Bc6 $5
19. Qxb6 axb6 20. Bxh6 Bf6 $44) 19. cxb5 $5 {White's queenside pawns now
become dangerous; besides, his knight has chances to occupy the important c4
square; meanwhile, preparing ...d6-d5 is not an easy task for Black.} Bf8 20.
Nc2 $1 Ne5 (20... a6 $1 {E.Gleizerov} 21. Na3 axb5 22. Naxb5 Ne5 $132) 21. Na3
Rdc8 22. Bf4 Bg7 $6 {Too passive.} ({GM Evgeny Gleizerov recommends} 22... c4
$1 {but even then after} 23. Bxe5 dxe5 24. Nc2 (24. Bf1 Bxa3 25. bxa3 Nf6 26.
Bg2 Kf8 27. a4 Ke7 $11) 24... Nf6 25. Ne3 $1 Bb4 26. Rc2 {[%cal Yd1c1,Yc3a4]
White gradually collects the c4-pawn (even giving up his e4-pawn), keeping an
edge due to his strong queenside pawns.}) 23. Bxe5 $1 Bxe5 24. Nc4 {[%csl Gc4]}
Bd4 25. Ne2 e5 {...d6-d5 is now out of the question. White starts preparing
the undermining b2-b4.} 26. a4 Kf8 27. Rc2 Rc7 28. Na5 Rd7 29. b4 $1 Nf6 30.
Nc6 $16 {[%csl Gc6]} a6 $2 {Loses a pawn.} (30... Ke8 31. Rdc1 {[%cal Ye2d4,
Yg1f1,Yf1e2,Ye2d3] E.Gleizerov}) 31. Nexd4 cxd4 32. bxa6 Bxa6 33. Nxd4 $1 Bb7 (
33... exd4 $142 34. e5 d3 35. Rcc1 (35. Rb2 $5 Bb7 36. exf6 Rxa4 37. Rxd3 {
E.Gleizerov}) 35... Nd5 (35... Rb8 36. exf6 Rxb4 37. Rxd3 $1 Rxa4 (37... Rd8
38. Rd5 Rxa4 39. Rh5 Kg8 40. Rxh6 $18) 38. Rb1 Rc4 39. Rd5 Rd8 40. Rh5 $18) 36.
Bxd5 Bb7 37. e6 $1 fxe6 38. Bxe6 Re7 39. Bxg4 Rxa4 40. Rxd3 Rxb4 41. Bf3 (41.
Bh3 $5) 41... Bxf3 42. Rxf3+ {with good winning chances in the rook ending.})
34. Nf5 Bxe4 {Black restores the material balance but White's connected passed
pawns are now unstoppable.} 35. Bxe4 Nxe4 36. Rc4 Nf6 37. a5 Ne8 38. Nxh6 d5
39. Nxg4 f6 40. Rc6 Ke7 41. Ne3 d4 42. Nf5+ Kf7 43. a6 Kg6 44. g4 Nc7 45. b5
Nxb5 46. Rb1 d3 47. Rxb5 d2 48. Ne3 d1=Q+ 49. Nxd1 Rxd1+ 50. Kg2 Rd4 51. Kg3
Rd3+ 52. f3 Ra3 53. h5+ 1-0

[Event "Candidates sf"]
[Site "Elista"]
[Date "2007.05.28"]
[Round "1.2"]
[White "Bareev, Evgeny"]
[Black "Polgar, Judit"]
[Result "1-0"]
[WhiteElo "2643"]
[BlackElo "2727"]
[Annotator "Krasenkow,M"]
[PlyCount "127"]
[EventDate "2007.05.27"]
[EventType "k.o."]
[EventRounds "12"]
[EventCountry "RUS"]
[SourceTitle "CBM 119"]
[Source "ChessBase"]
[SourceDate "2007.08.01"]
[SourceVersion "1"]
[SourceVersionDate "2007.08.01"]
[SourceQuality "1"]

1. d4 Nf6 2. c4 e6 3. Nf3 b6 4. g3 Ba6 5. Qc2 c5 6. d5 exd5 7. cxd5 Bb7 8. Bg2
Nxd5 9. O-O Be7 10. Rd1 Nc6 {This line was examined by GM Evgeny Postny in his
theoretical survey in CBM116. See also my annotations to Bologan-A.Ivanov in
CBM117.} 11. Qf5 Nf6 12. e4 d6 $146 (12... g6 13. Qf4 O-O (13... h6 $5 14. e5
Nh5 15. Qg4 Ng7 16. Nc3 Ne6 17. Be3 h5 18. Qa4 a6 19. Rd2 (19. Nd5 $44) 19...
b5 20. Qd1 c4 21. Nd5 Nb4 22. Bb6 $44 {0-1 Loeffler,S-Sakaev,K/Dresden GER
2007/The Week in Chess 648 (38)}) 14. e5 Nh5 15. Qg4 $1 (15. Qh6 Nd4 16. Nxd4
Bxg2 17. Kxg2 cxd4 18. g4 Rc8 $3 19. Rxd4 Ng7 20. Nc3 f5 21. Qd2 Bc5 22. Rxd7
Qh4 $17 {1/2-1/2 Aronian,L-Leko,P/Moscow RUS 2006/The Week in Chess 627 (27)})
15... d5 16. exd6 Bf6 $6 (16... Bxd6 17. Bg5 $44) 17. Nc3 Nd4 18. Nxd4 Bxg2 19.
Nf5 Bc6 20. d7 Qc7 21. Nd5 Bxd5 22. Rxd5 Rfd8 23. Be3 Bxb2 24. Nh6+ Kf8 25.
Rad1 Bg7 26. Rxh5 gxh5 27. Qf5 {1-0 Carlsen,M-Ivanchuk,V/Monte Carlo MNC 2007/
The Week in Chess 646}) 13. e5 Qd7 14. Qxd7+ Nxd7 15. exd6 Bf6 16. Re1+ Kf8 17.
Nc3 Nb4 {White's d6-pawn is the main strategical problem in this kind of
position. It can be weak or strong. As Black's h8 rook is out of play, the
former possibility is more probable.} 18. Bg5 $6 {A dubious exchange sac.} (18.
Rd1 $14) 18... Bxf3 $6 {Black "believes" her opponent - and wrongly so!} (18...
Nc2 $1 19. Bxf6 Nxf6 20. Re7 Bxf3 21. Bxf3 Re8 $1 22. Rxe8+ Kxe8 23. Bc6+ Kd8
24. Rd1 Nd4 $15 {[%csl Rd6]}) 19. Bxf3 Rd8 20. Bxf6 Nxf6 21. Re7 Nc2 22. Rd1
Nd4 23. Kg2 g6 24. Rxa7 Rxd6 $14 {[%mdl 32] In this position White's bishop is
very strong. Compared to the game Gelfand-Kasimdzhanov from this issue, there
is much more material on the board. Still, if Black's h8 rook safely comes out
without her having to make any concessions, the position will almost equalize.}
25. Be2 $1 Kg7 26. Bc4 Rd7 27. Rxd7 Nxd7 {[%mdl 4096]} 28. Re1 Kf8 $6 {Cutting
off his own rook once again. Black's further attempts to free it take valuable
time and the invasion of White's rook, combined with the advance of his pawns,
decides. The lesser evil was to remove his strong knight from d4:} (28... Nf5
$142 29. Bd3 Nd6 30. Nb5 $14) 29. a4 h5 30. Nd5 h4 31. g4 g5 {[%csl Rg5]} 32.
Nc7 {[%cal Re1e8,Re8e7]} Nf6 33. h3 Kg7 34. Re5 Kh6 (34... Kg6 $142 $1 35. Bd3+
Kh6 36. f4 Rg8 37. Nb5 Nxb5 38. axb5 gxf4 39. Kf3 $16) 35. f4 Nh7 36. f5 Nc6 (
36... f6 37. Rd5 {[%cal Yd5d6]}) 37. Rd5 Kg7 (37... Rd8 38. Rxd8 Nxd8 39. Nd5)
38. f6+ $5 Kh6 39. Bb5 Nb4 $6 (39... Nd4 40. Rd6 Nxb5 41. axb5 Rb8 42. Nd5 Ra8
43. Nc3 Rb8 44. Kf2 $16) 40. Rd6 Rb8 41. Na6 Nxa6 42. Bxa6 Nf8 43. Bc4 {
The advantage of the bishop over the knight is now obvious.} Rb7 44. Kf3 Nd7 (
44... Ng6 45. Ke4 Nf4 46. Kf5 Nxh3 47. Rd8 Kh7 48. Rf8 $18) 45. Ke4 Kg6 46. Bd3
c4 47. Bxc4 Nxf6+ 48. Kd4 Kg7 49. Bb5 Re7 {Desperation.} (49... Rb8 50. b4 Rb7
51. Bc4 {[%cal Ra4a5]} Ra7 52. Rxb6 Rxa4 53. Rb7 Ra3 54. b5 Rxh3 55. b6 Rh2 56.
Rxf7+ Kg6 57. b7 Rb2 58. Re7 Nxg4 (58... h3 59. Bd3+ Kh6 60. Rf7) 59. Kc3 Rxb7
60. Rxb7 h3 61. Bd3+ Kf6 62. Kd4 $18) 50. Rxb6 Re4+ 51. Kd3 Rb4 52. Kc2 Nxg4
53. Kc3 Re4 54. hxg4 h3 55. Rd6 h2 56. Rd1 Rxg4 57. Rh1 Rg3+ 58. Kb4 Rg2 59.
Kb3 g4 60. a5 g3 61. Bc6 Re2 62. a6 Re7 63. Ra1 Ra7 64. Bg2 1-0